000
00237nam a2200097Ia 4500
001
1250501
005
20251031150857.0
008
251031s9999 xx 000 0 und d
245
0
_c
HALİL CİBRAN
_a
G-5 MECZUP
260
_b
DESTEK YAYINLARI
999
_c
1250501
_d
1250501